| 000 | 00844nam a22002057a 4500 | ||
|---|---|---|---|
| 003 | CUTN | ||
| 005 | 20260410102033.0 | ||
| 008 | 260410b |||||||| |||| 00| 0 eng d | ||
| 020 | _a9788197803697 | ||
| 041 | _aTamil | ||
| 082 |
_223rd _a894.8111 _bSEE |
||
| 100 | _a சீனு ராமசாமி | ||
| 245 |
_aநினைவில் ஒளிரும் ஜிமிக்கிக் கம்மல் _b( கவிதைகள், குறுங்கவிதைகள் மற்றும் சிறு கூற்றுக் கவிதைகள்) |
||
| 250 | _aஇரண்டாம் பதிப்பு | ||
| 260 |
_aசென்னை: _bபாரதி புத்தகாலயம், _c2024. |
||
| 300 | _a160p., | ||
| 650 | _aகவிதைகள் | ||
| 700 | _a Seenu Ramasamy | ||
| 942 |
_2ddc _cTAM |
||
| 999 |
_c49332 _d49332 |
||